01052nam a2200241 a 450000100100000000500170001000800410002704000250006808200200009310000410011324500810015426000370023530000200027249000300029265000290032265000310035183000360038204900090041895201240042795201180055195201240066999900170079300001271320250522115618.0091116s1981 dr 000 0 spa d aDO-SdBNPbspacBNPHU aRD863.44bP375p1 aPérez, Mario Emilio,d1935-92218310aPersonajes migueletes /cMario Emilio Pérez ; prólogo Juan José Ayuso. aSanto Domingo, :bTaller,c1981. a142 p. ;c20 p.1 aBiblioteca Tallervv. 119 0aCuentos dominicanos9176 0aLiteratura dominicana.967 0aBiblioteca TallervNo. 1199164 aBNPD 0010718DSaGRbGRcCTd2009-11-16iLF1l0oRD863.44 P375pp12713-30r2020-06-25te. 3w2020-06-25yLFDSZNo se presta 0010718PDaPDbPDcCTd2009-11-16iLF1l0oRD863.44 P375pp12713-10r2020-06-25w2020-06-25yLFPDZNo se presta 0010718PDaPDbPDcCTd2009-11-16iLF1l0oRD863.44 P375pp12713-20r2020-06-25te. 2w2020-06-25yLFPDZNo se presta c12364d12364